| 000 | 00397nam a2200181Ia 4500 | ||
|---|---|---|---|
| 001 | 3648 | ||
| 005 | 20260306145659.0 | ||
| 008 | 260306t1995||||xx |||||||||||||| ||spa|| | ||
| 041 | _aESP | ||
| 082 |
_a301 _bM86A |
||
| 100 |
_aMorin, Edgar _eAUT |
||
| 245 | 0 | _aSociologĂa | |
| 260 | _c1995 | ||
| 300 |
_a410 páginas : _c21 cm. |
||
| 650 | _aGEN | ||
| 654 | _aCHU | ||
| 942 |
_cLIB _dJUS _fJUS _2ddc _n |
||
| 999 |
_c3648 _d3648 |
||